书目信息 |
| 题名: |
中国旅游客源国概况
|
|
| 作者: | 陈家刚 编著 | |
| 分册: | ||
| 出版信息: | 天津 南开大学出版社 2005 |
|
| 页数: | 317页 | |
| 开本: | 21cm | |
| 丛书名: | ||
| 单 册: | ||
| 中图分类: | F592.6 | |
| 科图分类: | ||
| 主题词: | 旅游客源--概况--中国 | |
| 电子资源: | ||
| ISBN: | 7-310-02253-X | |
| 000 | 00837nam0 2200229 450 | |
| 001 | 07079000451 | |
| 005 | 20070721103142.31 | |
| 010 | @a7-310-02253-X@dCNY19.00 | |
| 100 | @a20050704e20062005ekmy0chiy0110 ea | |
| 101 | 0 | @achi |
| 102 | @aCN@b120000 | |
| 105 | @aa z 000yy | |
| 200 | 1 | @a中国旅游客源国概况@Azhong guo lu^ you ke yuan guo gai kuang@f陈家刚编著 |
| 210 | @a天津@c南开大学出版社@d2005@h2006 | |
| 215 | @a317页@c图@d21cm | |
| 300 | @a高等院校旅游专业系列教材 | |
| 330 | @a本书一方面按照世界旅游组织对全球旅游市场的划分,逐一分析了各个市场区间的特点以及我国在其中可能的市场份额;另一方面又按照各个市场区间对我国的重要性程度做了较为详细的总结与评价。 | |
| 606 | 0 | @a旅游客源@x概况@y中国 |
| 690 | @aF592.6@v4 | |
| 701 | 0 | @a陈家刚@Achen jia gang@4编著 |
| 801 | 0 | @aCN@TAOJIN@bTAOJIN@c20070721 |
| 905 | @a10447@dF592.6@e176 | |
| 中国旅游客源国概况/陈家刚编著.-天津:南开大学出版社,2005(2006) |
| 317页:图;21cm |
| 高等院校旅游专业系列教材 |
| ISBN 7-310-02253-X:CNY19.00 |
| 本书一方面按照世界旅游组织对全球旅游市场的划分,逐一分析了各个市场区间的特点以及我国在其中可能的市场份额;另一方面又按照各个市场区间对我国的重要性程度做了较为详细的总结与评价。 |
| ● |
| 相关链接 |
|
|
|
|
正题名:中国旅游客源国概况
索取号:F592.6/176
 
预约/预借
| 序号 | 登录号 | 条形码 | 馆藏地/架位号 | 状态 | 备注 |
| 1 | 0822757 | 208227578 | 第一样本阅览室/ [索取号:F592.6/176] | 在馆 | |
| 2 | 0822758 | 208227587 | 第一借阅区/ [索取号:F592.6/176] | 在馆 | |
| 3 | 0822759 | 208227596 | 第一借阅区/ [索取号:F592.6/176] | 在馆 | |
| 4 | 0822760 | 208227603 | 第一借阅区/ [索取号:F592.6/176] | 在馆 | |
| 5 | 0822761 | 208227612 | 第一借阅区/ [索取号:F592.6/176] | 在馆 |